LEADER 00979nam a2200229 4500 001 000000343222 003 CaOOAMICUS 005 20201202000000.0 008 201202s1949 it 000 u ita r 040 $aSeMil$bita 100 1 $aBeccari, Arturo.$0(OLS)http://semarc/name/39408 245 13$aIl pensiero politico classico /$cArturo Beccari. 264 1$aMilano :$bVita e Pensiero,$c1949. 300 $aXV, 223 p. ;$c25 cm 650 4$aPolitica - Teorie.$0(OLS)http://semarc/subject/1691 850 $aSeMil 852 $aSeMil$W1$xVenegono$y1$m3N V 705$j223008$B234211$CSeMilBibl$Z2$F234211 $81 961 $aRecupero dalla Biblioteca del Seminario Arcivescovile di Milano (Biennio teologico) 961 $aTimbro della Biblioteca del Seminario Arcivescovile di Milano (Biennio teologico) 996 $6245$aIl pensiero politico classico$9(OLS)http://semarc/title/432204 996 $6264$aMilano :$bVita e Pensiero$9(OLS)http://semarc/publisher/29642 LEADER 01043nam a2200253 i 4500 001 000000038581 003 CaOOAMICUS 005 20240408123418.0 008 071112s1969 it u000 u ita u 013 $a9173 040 $aSeMil$bita 100 1 $aWesker, Arnold <1932-2016>.$0(OLS)http://semarc/name/18537 240 14$aThe Four Seasons ; Their Very Own and Golden City.$0(OLS)http://semarc/title/54510 245 13$aLe quattro stagioni ; Una cittą dorata tutta per loro /$cArnold Wesker. 260 $aTorino :$bGiulio Einaudi,$ccopyr. 1969. 300 $a166 p. ;$c19 cm. 490 0 $aCollezione di teatro ;$v130 830 0$aCollezione di teatro ;$v130.$0(OLS)http://semarc/title/6906 850 $aSeMil 852 $aSeMil$W1$xVenegono$y1$m1O I 36$j4736$B4736$CSeMilBibl$Z2$F4736 $81 961 $aOmaggio: Deposito 996 $6245$aLe quattro stagioni ; Una cittą dorata tutta per loro$9(OLS)http://semarc/title/54509 996 $6260$aTorino :$bGiulio Einaudi$9(OLS)http://semarc/publisher/29810